100 Ecrivains français - Statistiques

Statistiques générales
  • Ce quiz a été pris 3 781 fois
    3 403 depuis la dernière actualisation
  • Le résultat moyen est 40 sur 100
Statistiques - réponses
Œuvres Auteur % Correct
Notre-Dame de Paris, Les Misérables, Claude Gueux Victor Hugo
99%
L'Assommoir, Germinal, Nana Emile Zola
95%
Candide, L'Ingénu, Zadig ou la Destinée Voltaire
91%
Les Trois Mousquetaires, Le Comte de Monte-Cristo, La Reine Margot Alexandre Dumas
88%
L'Etranger, La Peste, La Chute Albert Camus
87%
Bel-Ami, Une vie, Pierre et Jean Guy de Maupassant
86%
Les Fleurs du Mal, La Chevelure, Les Paradis artificiels Charles Baudelaire
83%
Le Tour du Monde en 80 Jours, L'Île Mystérieuse, Vingt Mille Lieues sous les Mers Jules Verne
83%
Le Rouge et le Noir, La Chartreuse de Parme, Lucien Leuwen Stendhal
81%
Le Petit Prince, Vol de nuit, Terre des hommes Antoine de Saint-Exupéry
78%
Madame Bovary, Salammbô, L'Education sentimentale Gustave Flaubert
77%
Le Père Goriot, Eugénie Grandet, Le Colonel Chabert Honoré de Balzac
76%
La Gloire de mon père, Le Château de ma mère, Le Temps des secrets Marcel Pagnol
74%
Pantagruel, Gargantua, Le Tiers Livre François Rabelais
67%
A la recherche du temps perdu, Jean Santeuil, Les Plaisirs et les Jours Marcel Proust
67%
Alcools, Calligrammes, Le Poète assassiné Guillaume Apollinaire
64%
Le Bateau ivre, Une saison en enfer, Illuminations Arthur Rimbaud
63%
Voyage au bout de la nuit, Mort à crédit, D'un château l'autre Louis-Ferdinand Céline
63%
Les Mandarins, Le Deuxième Sexe, Le Sang des autres Simone de Beauvoir
62%
Fables, Adonis, Les Rieurs du Beau-Richard Jean de la Fontaine
60%
Julie ou la Nouvelle Héloïse, Le Lévite d'Ephraïm, Les Confessions Jean-Jacques Rousseau
60%
La Nausée, Le Mur, Les Chemins de la liberté Jean-Paul Sartre
60%
Lettres persanes, Histoire Véritable, Le Temple de Gnide Montesquieu
60%
Mémoires d'outre-tombe, René, Atala François-René de Chateaubriand
58%
L'Ecume des jours, L'Arrache-coeur, L'Herbe rouge Boris Vian
57%
Le Petit Chaperon rouge, La Belle au bois dormant, Riquet à la houppe Charles Perrault
57%
Poèmes saturniens, Fêtes galantes, Sagesse Paul Verlaine
55%
Jacques le fataliste et son maître, La Religieuse, Les Bijoux indiscrets Denis Diderot
53%
Indiana, Mauprat, La Mare au diable George Sand
53%
Les Liaisons Dangereuses Choderlos de Laclos
51%
Mémoires d'Hadrien, L'Oeuvre au noir, Alexis ou le Traité du vain combat Marguerite Yourcenar
50%
La Promesse de l'aube, Les Racines du ciel, Chien blanc Romain Gary
50%
La Princesse de Clèves, Zaïde, La Princesse de Montpensier Madame de La Fayette
49%
L'Amant, Moderato cantabile, Le Vice-Consul Marguerite Duras
49%
Les Malheurs de Sophie, Les Petites Filles modèles, Le Général Dourakine Comtesse de Ségur
47%
Yvain ou le Chevalier au lion, Perceval ou le Conte du Graal, Erec et Enide Chrétien de Troyes
46%
La Condition humaine, L'Espoir, Les Conquérants André Malraux
45%
Bonjour tristesse, La Chamade, Château en Suède Françoise Sagan
45%
La Chatte, Le Blé en herbe, Chéri Colette
42%
La Symphonie pastorale, Les Faux-monnayeurs, L'Immoraliste André Gide
41%
Pensées, Les Provinciales Blaise Pascal
41%
Les Cent Vingt Journées de Sodome, La Philosophie dans le boudoir, Justine ou les Malheurs de la vertu Marquis de Sade
38%
Arsène Lupin gentleman-cambrioleur, Le Bouchon de cristal, La Comtesse de Cagliostro Maurice Leblanc
38%
Le Grand Meaulnes Alain-Fournier
37%
Colline, Le Hussard sur le toit, Le Grand Troupeau Jean Giono
37%
L'Insoutenable Légèreté de l'être, La Plaisanterie, L'Ignorance Milan Kundera
37%
Et si c'était vrai..., Le Voleur d'ombres, Une autre idée du bonheur Marc Lévy
36%
Zazie dans le métro, Les Fleurs bleues, Le Chiendent Raymond Queneau
36%
La Disparition, Les Choses, W ou le Souvenir d'enfance Georges Perec
35%
Les Caractères ou les mœurs de ce siècle Jean de la Bruyère
34%
Les Particules élementaires, Plateforme, La Possibilité d'une île Michel Houellebecq
34%
Le Capitaine Fracasse, Les Roués innocents, Jean et Jeannette Théophile Gautier
34%
Tartarin de Tarascon, Le Nabab, Le Petit Chose Alphonse Daudet
33%
Sonnets pour Hélène, Odes, Hymnes Pierre de Ronsard
33%
Et après..., Central Park, L'Appel de l'ange Guillaume Musso
32%
Aurélien, Les Aventures de Télémaque, Le Paysan de Paris Louis Aragon
32%
Vendredi ou la Vie sauvage, Le Roi des aulnes, Les Météores Michel Tournier
32%
La Nuit des temps, Le Grand Secret, Tarendol René Barjavel
32%
Les Fourmis, L'arbre des possibles, Nos amis les Terriens Bernard Werber
31%
Le Baiser au lépreux, Thérèse Desqueyroux, Le Mystère Frontenac François Mauriac
31%
Poil de carotte, L'Ecornifleur, Histoires naturelles Jules Renard
31%
Manon Lescaut, Cleveland, Histoire d'une Grecque moderne L'abbé Prévost
31%
Nadja, L'Amour fou, Clair de terre André Breton
30%
99 francs, Windows on the World, L'amour dure trois ans Frédéric Beigbeder
30%
La Vénus d'Ille, Mateo Falcone, Carmen Prosper Mérimée
30%
Graziella, Méditations poétiques, La Mort de Socrate Alphonse de Lamartine
28%
Le Mystère de la chambre jaune, Le Parfum de la dame en noir, Le Fantôme de l'Opéra Gaston Leroux
28%
Les Contes du chat perché, Le Passe-muraille, La Jument verte Marcel Aymé
27%
Les Regrets, L'Olive, Les Antiquités de Rome Joachim du Bellay
26%
Les Enfants terribles, Le Livre blanc, Thomas l'imposteur Jean Cocteau
25%
Capitale de la douleur, Liberté, Courage Paul Eluard
25%
Sous le soleil de Satan, Journal d'un curé de campagne, Monsieur Ouine Georges Bernanos
23%
L'Ere du soupçon, Le Planétarium, Tropismes Nathalie Sarraute
23%
Les Mystères de Paris, Latréaumont, El Gitano Eugène Sue
22%
L'Après-midi d'un faune, Brise Marine, Don du Poème Stéphane Mallarmé
21%
Voyage en Orient, Aurélia ou le Rêve et la Vie, Les Filles du feu Gérard de Nerval
20%
Delphine, Corinne ou l'Italie, De l'Allemagne Madame de Staël
20%
Paul et Virginie, Le Café de Surate, La Chaumière indienne Bernardin de Saint-Pierre
19%
Rue des Boutiques obscures, La Place de l'Etoile, Villa Triste Patrick Modiano
18%
Mondo et autres histoires, Le Déluge, Désert Jean-Marie Gustave Le Clézio
16%
L'Equipage, Belle de jour, Fortune carrée Joseph Kessel
16%
La Soirée avec Monsieur Teste, La Jeune Parque, Le Cimetière Marin Paul Valéry
16%
Cinq-Mars, Stello, La Maréchale d'Ancre Alfred de Vigny
15%
La Guerre des boutons, De Goupil à Margot Louis Pergaud
15%
Je voudrais que quelqu'un m'attende quelque part, Je l'aimais, L'Echappée belle Anna Gavalda
14%
Thaïs, Le Lys rouge, La Révolte des anges Anatole France
13%
La Gloire de l'Empire, Au plaisir de Dieu, La Douane de mer Jean d'Ormesson
13%
L'Ensorcelée, Un prêtre marié, Les Diaboliques Jules Barbey d'Aurevilly
13%
La Modification, Degrés, Passage de Milan Michel Butor
13%
Les Gommes, Le Voyeur, La Jalousie Alain Robbe-Grillet
12%
Le Bossu, La Vampire, Le Loup blanc Paul Féval
12%
Germinie Lacerteux, Renée Mauperin, Madame Gervaisais Frères Goncourt
11%
Jean-Christophe, La Vie de Tolstoï, L'Âme enchantée Romain Rolland
11%
Anabase, Amers, Oiseaux Saint-John Perse
11%
Siegfried et le Limousin, Juliette au pays des hommes, Adorable Clio Jean Giraudoux
10%
La Secte des égoïstes, La Femme au miroir, Ulysse from Bagdad Eric-Emmanuel Schmitt
9%
L'Enfant multiple, L'Autre, Le Sixième Jour Andrée Chedid
7%
Le Roman des rois, Le Pacte des assassins, La Machinerie humaine Max Gallo
6%
Le Capitan, Les Pardaillan, Les Amants de Venise Michel Zévaco
6%
Les Petits Enfants du siècle, Le Repos du guerrier, La Porte du fond Christiane Rochefort
5%
Aucun quiz correspondant
Distribution des résultats
% des personnes avec chaque résultat
Percentile par nombre de réponses
Votre historique - résultats
Vous n’avez pas pris ce quiz depuis la dernière actualisation